000 00587nam a2200205Ii 4500
003 JO-AjNU
008 230606s9999||||xx |||||||||||||| ||und||
020 _a978-0-7486-2766-0
040 _aJO-AjNU
_beng
_erda
_cJO-AjNU
041 _aeng
050 1 4 _aPS374.S5.B46 2010
100 3 _aBoddy ,Kasia,
_eauthor
_92553
245 0 4 _aThe American Short Story Since 1950
264 3 1 _aEdinburgh university ,2010
300 _a178p
336 _atext
_btxt
_2rdacontent
337 _aunmediated
_bn
_2rdamedia
338 _avolume
_bnc
_2rdacarrier
650 4 _ashort story -american
_92554
999 _aE1335
_c1335
_d1335